000 00777nam a22002177a 4500
003 UA-OsUOA
001 34491
007 ta
008 20051010b un ||||| |||| 00| 0 ukr d
090 _a81+8
_bМ34
942 _cBK
040 _aUA-OsUOA
_bukr
_cUA-OsUOA
_dUA-OsUOA
245 _aМатеріали Першого українського симпозіуму з мовознавства і літератур країн Азійсько-тихоокеанського регіону
_bЗбірник науквих праць
300 _a110 с.
955 _a1
041 _aukr
080 _a81+8
260 _aК.
_c1999
650 7 _a8 Мовознавство. Художня література. Літературознавство
_2UDC
999 _c320920
_d320920